| 000 | 00883nam a22002177a 4500 | ||
|---|---|---|---|
| 003 | BD-DhUL | ||
| 005 | 20160920184158.0 | ||
| 008 | 160128s2004 bg ||||| |||| 00| 0 ben | ||
| 020 | _a9844584744 | ||
| 040 |
_aBD-DhUL _cBD-DhUL |
||
| 082 |
_a954.92 _bMAB |
||
| 245 | 0 | 0 |
_aবঙ্গবন্ধু ও বাংলাদেশ : _b(১৯৭১-১৯৭৫), ২য়: খন্ড / _cমুনতাসীর মামুন |
| 260 |
_aঢাকা : _bসময়, _c২০০৪. |
||
| 300 |
_aখ. ; _c২৩ সেমি. |
||
| 365 |
_aটাকা _b১০০০.০০ |
||
| 500 | _a নির্দেশিকা সম্বলিত | ||
| 650 | _aবাংলাদেশ ইতিহাস | ||
| 651 | 0 |
_aBangladesh _xHistory _z1971-1975 |
|
| 700 | 1 |
_aমামুন, মুনতাসীর _eসম্পাদক ও সংকলক |
|
| 942 |
_2ddc _cBK |
||
| 999 |
_c105199 _d105199 |
||